000 01251nam a2200361 i 4500
001 8756
003 KOSZ 005
005 20220829142936.0
008 990506s1970 pl g 001 0 pol
015 _aPB 1970/4908
040 _aWA N
_cWA N
_dKOSZ 005/ID
_dKOSZ 005/HR
080 _a82.01/.09
080 _a(03)
100 1 _aSierotwiński, Stanisław
_d(1909-1975)
_eAutor
245 1 0 _aSłownik terminów literackich :
_bteoria i nauki pomocnicze literatury /
_cStanisław Sierotwiński.
250 _aWyd. 3 zm. i rozsz.
260 _aWrocław :
_bZakład Narodowy im. Ossolińskich,
_c1970.
300 _a411, [1] s. ;
_c22 cm.
336 _2rdacontet
_aTekst
_btxt
337 _2rdamedia
_aBez urządzenia pośredniczącego
_bn
338 _2rdacarrier
_aWolumin
_bnc
380 _aKsiążki
388 _a1901-2000
388 _a1945-1989
504 _aBibliogr. s. [384]-395. Indeks.
650 4 _aLiteraturoznawstwo
650 4 _aTerminologia
655 4 _aSłownik terminologiczny
658 _aLiteraturoznawstwo
710 2 _aWydawnictwo Ossolineum
_4pbl.
856 _uhttp://koha.tu.koszalin.pl/cgi-bin/koha/opac-detail.pl?biblionumber=8756
_yKatalog online BPK
942 _2UKD
_cKS
999 _c8756
_d8756